000
00313nam a2200121Ia 4500
008
220216s9999 xx 000 0 und d
100
_a
Biswas S K
245
0
_a
Rubber reclaiming- Processing, control, growth
260
_b
Rubber Chem Review
_c
1994
300
_a
23-26
650
_a
Reclaimed rubber
942
_c
JS
999
_c
67943
_d
67943